000 00453nam a2200193Ia 4500
005 20240823062421.0
008 240823s9999||||xx |||||||||||||| ||und||
041 _aENGLISH
082 _A658.407 N4
100 _aRenolds Helen
245 0 _aExecutive Management
250 _a1st
260 _c1994
_b"Jaico,Bombay"
500 _aYES
650 _aManagement
_bManagement Studies
700 _a" Tramel,Mary E"
942 _cBK
999 _c235830
_d235830